Statistics for Translate These Countries from Vietnamese to English

Click here to take the quiz!

General Stats

  • This quiz has been taken 425 times
  • The average score is 12 of 20

Answer Stats

tiếng ViệtEnglish% Correct
Ấn ĐộIndia
73%
Hàn QuốcSouth Korea
73%
ĐứcGermany
72%
Đan MạchDenmark
71%
Ai CậpEgypt
70%
Mông CổMongolia
70%
Niu Di-lânNew Zealand
66%
LibanLebanon
64%
Hà LanNetherlands
62%
Ba LanPoland
62%
Hoa KỳUnited States
62%
ÁoAustria
59%
Bồ Đào NhaPortugal
58%
BỉBelgium
57%
Hy LạpGreece
57%
Nam PhiSouth Africa
57%
Các Tiểu Vương quốc Ả Rập Thống nhấtUnited Arab Emirates
56%
Na UyNorway
50%
GruziaGeorgia
44%
Bờ Biển NgàCote d'Ivoire
38%

Score Distribution

Percentile by Number Answered

Percent of People with Each Score

Your Score History

You have not taken this quiz